000 00481nam a22001697a 4500
999 _c166481
_d166481
010 _aENG-126071
020 _a978-93-82633-37-2
_c700.00
035 _aEN-109603
037 _bDBAD/PUB
082 _a621.381
100 _aSHARMA,SAPNA
245 _aThe concept of digital technology /
_cbySapna Sharma
260 _aAllahabad
_bShabd Prakashan
_c2018
270 _a116/70, Lukerganj,
_e211001
300 _a192p.
_c22cm(hb)
942 _2ddc
_cEN
_h621.381
_mSHA